000 00817nmc a2200289 a 4500
003 AR-BaBNM
005 20251128210857.0
008 081020s1999 ||||||||||||||000 | spa||
020 _a950-802-095-4
040 _cAR-BaBNM
100 1 _aPalladino, Enrique
245 1 0 _aComo diseñar y elaborar proyectos
_belaboración, planificación, evaluación
250 _a1ª ed.
260 _aBuenos Aires
_bEspacio
_c1999
300 0 _a156 p.
_bdiagr.
490 0 _aDidáctica
500 0 _aContiene referencias bibliográficas
650 4 _aPLANIFICACION
650 4 _aPROYECTOS
653 0 _aPROYECTO EDUCATIVO INSTITUCIONAL
653 0 _aPROYECTOS DE AULA
653 0 _aEVALUACION EDUCATIVA
653 0 _aINSTITUCIONES EDUCATIVAS
653 0 _aCAPACITACION DOCENTE
942 _cBK
998 _cRAQUEL
999 _c17269
_d17269